|
|
|
|
| LEADER |
01389cam a2200325 7i4500 |
| 001 |
0000035880 |
| 005 |
20190207090000.0 |
| 007 |
##ta |
| 008 |
190207s2018 mau eng |
| 022 |
0 |
# |
|a 13946188
|
| 040 |
# |
# |
|a MATR
|
| 090 |
0 |
0 |
|a M 658.5025
|b MAL
|
| 245 |
0 |
0 |
|a MALAYSIA LOGISTICS DIRECTORY 2018/2019.
|
| 264 |
# |
1 |
|a Shah Alam, Selangor:
|b Marshall Cavendish,
|c 2018.
|
| 300 |
# |
# |
|a 338 pages:
|b illustrations;
|c 30 cm.
|
| 336 |
# |
# |
|a text
|2 rdacontent
|
| 337 |
# |
# |
|a unmediated
|2 rdamedia
|
| 338 |
# |
# |
|a volume
|2 rdacarrier
|
| 650 |
# |
0 |
|a Transportation, Automotive --
|x Directories --
|z Malaysia
|
| 650 |
# |
0 |
|a Freight and freightage --
|x Directories --
|z Malaysia
|
| 650 |
# |
0 |
|a Industrial transport --
|x Directories --
|z Malaysia
|
| 650 |
# |
0 |
|a Logistics --
|x Directories --
|z Malaysia
|
| 650 |
# |
0 |
|a Business logistics --
|x Directories --
|z Malaysia
|
| 999 |
|
|
|a JHR000458H
|b Directories
|c Malaysia
|e MATRADE Southern Regional Office
|
| 999 |
|
|
|a 0000040490
|b Directories
|c Malaysia
|e Business Information Centre
|
| 999 |
|
|
|a 0000040491
|b Directories
|c Malaysia
|e Business Information Centre
|
| 999 |
|
|
|a PNG001166H
|b Directories
|c Malaysia
|e MATRADE Northern Regional Office
|
| 999 |
|
|
|a SBH001136H
|b Directories
|c Malaysia
|e MATRADE Sabah
|
| 999 |
|
|
|a SRW000562H
|b Directories
|c Malaysia
|e MATRADE Sarawak
|
| 999 |
|
|
|a TRG000446H
|b Directories
|c Malaysia
|e MATRADE Eastern Regional Office
|